| 000 | 02042cam a2200289 a 4500 | ||
|---|---|---|---|
| 005 | 20170105102343.0 | ||
| 008 | 110630s2012 nyu b 001 0 eng | ||
| 020 | _a9780231158947 | ||
| 020 | _a9780231528146 | ||
| 040 |
_aDLC _cDLC |
||
| 082 | 0 | 0 |
_a303.482176701821 _223 |
| 100 | 1 | _aLyons, Jonathan. | |
| 245 | 1 | 0 |
_aIslam through Western eyes: from the crusades to the war on terrorism _bfrom the crusades to the war on terrorism _cJonathan Lyons |
| 260 |
_aNew York : _bColumbia University Press, _cc2012. |
||
| 300 |
_ax, 260 p. ; _c24 cm. |
||
| 504 | _aIncludes bibliographical references and index. | ||
| 505 | 0 | _aWar without end? -- Foucault's toolbox -- The Western idea of Islam -- Islam and science -- Islam and violence -- Islam and women -- What's wrong with us?. | |
| 520 | _a"In Islam Through Western Eyes, Jonathan Lyons unpacks Western habits of thinking and writing about Islam, conducting a careful analysis of the West's grand totalizing narrative across one thousand years of history. He observes the discourse's corrosive effects on the social sciences, including sociology, politics, philosophy, theology, international relations, security studies, and human rights scholarship. He follows its influence on research, speeches, political strategy, and government policy, preventing the West from responding effectively to its most significant twenty-first-century challenges: the rise of Islamic power, the emergence of religious violence, and the growing tension between established social values and multicultural rights among Muslim immigrant populations."--Jacket. | ||
| 650 | 0 |
_aIslam _y21st century. |
|
| 650 | 0 |
_aIslam _xPublic opinion. |
|
| 650 | 0 |
_aIslamophobia _zEurope. |
|
| 650 | 0 | _aEast and West. | |
| 651 | 0 |
_aIslamic countries _xRelations _zEurope. |
|
| 651 | 0 |
_aEurope _xRelations _zIslamic countries. |
|
| 856 |
_uhttp://bvbr.bib-bvb.de:8991/F?func=service&doc_library=BVB01&doc_number=024670802&line_number=0001&func_code=DB_RECORDS&service_type=MEDIA _zInhaltsverzeichnis |
||
| 942 |
_2ddc _cBK |
||
| 999 |
_c11592 _d11592 |
||